| 000 | 00356nam a22001577a 4500 | ||
|---|---|---|---|
| 005 | 20160617160840.0 | ||
| 008 | 160617b xxu||||| |||| 00| 0 eng d | ||
| 041 | _aeng | ||
| 082 | _b8029 | ||
| 100 |
_aAkuja, B.N. and Chhabra, s.s. _92146 |
||
| 245 | _aAdvertising | ||
| 260 |
_bSujeet _c2005 |
||
| 300 | _a220 | ||
| 650 |
_aManagement _9241 |
||
| 942 | _cBK | ||
| 999 |
_c2998 _d2997 |
||